| Tag |
First Indicator |
Second Indicator |
Subfields |
| LEADER |
00000cam a2200000 a 4500 |
| 001 |
in00001159721 |
| 005 |
20151001061440.0 |
| 007 |
he bmb017bucu |
| 008 |
920604s1780 ctu b 000 0 eng d |
| 035 |
|
|
|a (OCoLC)25936340
|
| 035 |
|
|
|9 AGD3137AM
|
| 040 |
|
|
|a GUA
|c GUA
|d TXA
|d UtOrBLW
|
| 043 |
|
|
|a n-us-ma
|
| 049 |
|
|
|a TXAI
|
| 090 |
|
|
|a Z1201.S45
|b H9413 P55
|
| 099 |
|
|
|a fiche
|a C
|a 11699
|
| 100 |
1 |
|
|a Huntington, Joseph,
|d 1735-1794.
|
| 245 |
1 |
2 |
|a A plea before the venerable ecclesiastical council at Stockbridge, in the cause of Mrs. Fisk :
|b delivered the sixth and seventh of October, one thousand seven hundred and seventy nine /
|c by a gentleman from Connecticut.
|
| 264 |
|
3 |
|a Norwich :
|b Printed by John Trumbull, near the meeting-house,
|c 1780.
|
| 300 |
|
|
|a 36 pages ;
|c 23 x 18 cm.
|
| 336 |
|
|
|a text
|b txt
|2 rdacontent
|
| 337 |
|
|
|a microform
|b h
|2 rdamedia
|
| 338 |
|
|
|a microfiche
|b he
|2 rdacarrier
|
| 510 |
4 |
|
|a Sabin
|c 33973
|
| 533 |
|
|
|a Microfilm.
|b Woodbridge, CT :
|c Research Publication,
|d 1988.
|e 1 microfiche : negative ; 11 x 15 cm.
|f (Selected Americana from Sabin's Dictionary of books relating to America)
|
| 539 |
|
|
|a s
|b 1988
|d ctu
|e n
|g b
|
| 500 |
|
|
|a Microfrom.
|
| 600 |
1 |
0 |
|a Fisk, Levina Deane.
|
| 610 |
2 |
0 |
|a First Congregational Church (Stockbridge, Mass.).
|b Ecclesiastical Council, Oct. 1779.
|
| 650 |
|
0 |
|a Congregational churches
|x Discipline.
|
| 999 |
|
|
|a MARS
|
| 999 |
f |
f |
|s 6d0c0d2b-d99b-30d0-a634-7e082fdbc146
|i 2c4fd082-ab37-35c9-92a2-f8300aeabe8e
|t 0
|
| 952 |
f |
f |
|p default
|a Texas A&M University
|b College Station
|c Sterling C. Evans Library
|d Evans: Microforms (3rd floor)
|t 0
|e fiche C 11699
|h Other scheme
|i microform -- microfiche
|
| 998 |
f |
f |
|a fiche C 11699
|t 0
|l Evans: Microforms (3rd floor)
|